| 000 | 00907nam a2200265 a 4500 | ||
|---|---|---|---|
| 008 | |||
| 020 | _a0875182003 (cased) | ||
| 049 | _aMAIN | ||
| 090 | _aHD6054.4.U54 | ||
| 100 | 1 | _aLevinson, Nancy Smiler. | |
| 245 | 1 | 0 |
_aBusiness / _cby Nancy Smiler Levinson. |
| 260 |
_aMinneapolis : _bDillon Press, _cc1981. |
||
| 300 |
_a118 p. : _bill. ; _c23 cm. |
||
| 440 | 0 | _aContributions of women ; 12 | |
| 504 | _aIncludes bibliographical references. | ||
| 650 | 0 |
_aBusinesswomen _zUnited States _vBiography _vJuvenile literature. |
|
| 650 | 0 |
_aWomen executives _zUnited States _vBiography _vJuvenile literature. |
|
| 650 | 0 |
_aWomen-owned business enterprises _zUnited States _vJuvenile literature. |
|
| 650 | 1 | _aExecutives. | |
| 907 |
_a.b10010191 _b28-02-06 _c17-04-03 |
||
| 003 | |||
| 005 | 20230123133123.0 | ||
| 040 | _cNUST | ||
| 942 |
_cBOOKS _kHD6054.4.U54 |
||
| 999 |
_c143072 _d143072 |
||